Pakistan Business Review : (Record no. 534520)
[ view plain ]
| 000 -LEADER | |
|---|---|
| fixed length control field | 00433nam a22001337a 4500 |
| 022 ## - INTERNATIONAL STANDARD SERIAL NUMBER | |
| International Standard Serial Number | 1561-8706 E-2521-005X |
| 082 ## - DEWEY DECIMAL CLASSIFICATION NUMBER | |
| Classification number | Vol- |
| 100 ## - MAIN ENTRY--PERSONAL NAME | |
| Personal name | IoBM. |
| 245 ## - TITLE STATEMENT | |
| Title | Pakistan Business Review : |
| Remainder of title | An HEC approved "X" category journal / |
| Statement of responsibility, etc | Institute of business management. |
| 260 ## - PUBLICATION, DISTRIBUTION, ETC. (IMPRINT) | |
| Place of publication, distribution, etc | Korangi creek, Karachi: |
| Name of publisher, distributor, etc | http://pbr.iobm.edu.pk |
| 300 ## - PHYSICAL DESCRIPTION | |
| Dimensions | 25cm. |
| 650 ## - SUBJECT ADDED ENTRY--TOPICAL TERM | |
| Topical term or geographic name as entry element | Business - Journal, Management - Journal. |
| 942 ## - ADDED ENTRY ELEMENTS (KOHA) | |
| Koha item type | Continuing Resources |
| Damaged status | Not for loan | Permanent Location | Current Location | Date acquired | Full call number | Barcode | Koha item type |
|---|---|---|---|---|---|---|---|
| Central Library (CL) | Central Library (CL) | 03/01/2020 | Vol-20, No-3 Oct 2018 | S-96070 | Continuing Resources |
